Nová terranova

Bibliographic Details
Main Author: Petelen, Ivan, 1947- (Author)
Format: Article
Language:Slovak
PhysicalDescription:Fotogr., obr.
ISSN:1335-3268
Subjects:

MARC

LEADER 00000nab a2200000 ar4500
001 vtls008999908
003 SK-MaSNL
005 20260426063402.0
008 070619c2007 xo mr|p|||||||000 b|slo
015 |a SNBRB2007/06  |2 snkbucl 
038 |a SNKBUCL 
040 |a SNKBUCL  |b slo  |c SNKBUCL  |e AACR2 
041 0 |a slo 
044 |a xo  |c SK 
080 |a 725.22  |x (437.6)  |2 2001 
100 1 |a Petelen, Ivan,  |d 1947-  |4 aut  |9 106421 
245 1 0 |a Nová terranova  |c Ivan Petelen 
300 |b Fotogr., obr. 
500 |a Architekti: Vladimír Zigo, Marusia Rusinová 
650 0 7 |a polyfunkčné domy  |2 snkbucl  |9 764096 
651 7 |a Poštová Ulica (Bratislava, Slovensko)  |2 snkbucl  |9 1284237 
651 7 |a Bratislava (Slovensko)  |2 snkbucl  |9 14568 
773 0 |t ARCH  |g Roč. 12, č. 5 (2007), s. 36-37  |x 1335-3268 
852 |a SNK  |b KIS3GCP 
958 |a SK 
999 |c 2555513  |d 2557443